书目信息 |
| 题名: |
地下结构设计
|
|
| 作者: | 崔振东 主编 | |
| 分册: | ||
| 出版信息: | 北京 中国建筑工业出版社 2021.6 |
|
| 页数: | 11,513页 | |
| 开本: | 26cm | |
| 丛书名: | ||
| 单 册: | ||
| 中图分类: | TU93 | |
| 科图分类: | ||
| 主题词: | 地下工程--结构设计--高等学校--教材 | |
| 电子资源: | ||
| ISBN: | 978-7-112-20816-6 | |
| 000 | 01127nam0 2200277 45 | |
| 001 | 012001001229 | |
| 005 | 20140913103834.0 | |
| 010 | @a978-7-112-20816-6@dCNY78.00 | |
| 100 | @a20170824d2017 em y0chiy50 ea | |
| 101 | 0 | @achi |
| 102 | @aCN@b110000 | |
| 105 | @aa z 000yy | |
| 106 | @ar | |
| 200 | 1 | @a地下结构设计@Adi xia jie gou she ji@f崔振东主编 |
| 210 | @a北京@c中国建筑工业出版社@d2021.6 | |
| 215 | @a11,513页@c图@d26cm | |
| 300 | @a住房城乡建设部土建类学科专业“十三五”规划教材 高等学校土木工程专业创新型人才培养规划教材 | |
| 300 | @a并列题名:Civil engineering | |
| 312 | @a封面英文题名:Civil engineering | |
| 330 | @a本书参考国内外地下结构方向相关教材和文献,并结合最新规范、工程案例和数值模拟,重点突出地下结构设计的基本概念、基本理论和基本方法。内容包括:绪论、地下结构的荷载、弹性地基梁理论、地下结构的力学计算方法、地下结构的数值分析方法、地下结构可靠度理论等。 | |
| 510 | 1 | @aCivil engineering@zeng |
| 606 | 0 | @a地下工程@x结构设计@x高等学校@j教材 |
| 690 | @aTU93@v5 | |
| 701 | 0 | @a崔振东@Acui zhen dong@f(1978~)@4主编 |
| 801 | 0 | @aCN@bBJSDL@c20211011 |
| 905 | @b1333550-3@dTU93@e1902@f4 | |
| 地下结构设计/崔振东主编.-北京:中国建筑工业出版社,2021.6 |
| 11,513页:图;26cm |
| 住房城乡建设部土建类学科专业“十三五”规划教材 高等学校土木工程专业创新型人才培养规划教材.-并列题名:Civil engineering |
| ISBN 978-7-112-20816-6:CNY78.00 |
| 本书参考国内外地下结构方向相关教材和文献,并结合最新规范、工程案例和数值模拟,重点突出地下结构设计的基本概念、基本理论和基本方法。内容包括:绪论、地下结构的荷载、弹性地基梁理论、地下结构的力学计算方法、地下结构的数值分析方法、地下结构可靠度理论等。 |
| ● |
| 相关链接 |
|
|
|
|
正题名:地下结构设计
索取号:TU93/1902
 
预约/预借
| 序号 | 登录号 | 条形码 | 馆藏地/架位号 | 状态 | 备注 |
| 1 | 1333550 | 213335504 | 第二样本阅览室/ [索取号:TU93/1902] | 在馆 | |
| 2 | 1333551 | 213335513 | 第三借阅区/ [索取号:TU93/1902] | 在馆 | |
| 3 | 1333552 | 213335522 | 第三借阅区/ [索取号:TU93/1902] | 在馆 | |
| 4 | 1333553 | 213335531 | 第三借阅区/ [索取号:TU93/1902] | 在馆 |